000 00458nam a2200133Ia 4500
008 100328s9999 xx 000 0 und d
082 _b14127
100 _aमंगळवेढेकर राजा
245 _aअसा झुंजला माझा भारत
260 _bसंजीव
630 _aअसा झुंजला माझा भारत
730 _aअसा झुंजला माझा भारत
942 _cBOOK
999 _c509124
_d509121